| 000 | 01014nam a22003017a 4500 | ||
|---|---|---|---|
| 001 | 9476 | ||
| 003 | FISKH | ||
| 005 | 20260114090054.0 | ||
| 008 | 260114b cb ||||| |||| 00| 0 eng d | ||
| 020 | _a9780689851599 | ||
| 040 |
_aFISKH _beng _cFISKH _dFISKH |
||
| 050 | _aPZ7.P1755 S | ||
| 082 | _a813.54 | ||
| 100 |
_aPalatini, Margie _eAuthor |
||
| 245 |
_aSweet tooth / _cBy Margie Palatini ; illustrated by Jack E. Davis |
||
| 260 |
_aNew York : _bSimon & Schuster Books for Young Readers , _c2004 |
||
| 300 |
_a34 unnumbered pages : _bcolor illustrations ; _c29 cm |
||
| 505 | _aL | ||
| 520 | _aStewart's loud, obnoxious sweet tooth constantly gets him into trouble, until Stewart uses a healthy diet to take control of the situation. | ||
| 521 | 8 |
_a520
_bLexile AD |
|
| 521 | 8 |
_aL
_bRaz-Plus |
|
| 650 |
_aTeeth _vFiction |
||
| 650 |
_aFood habits _vTooth fairy |
||
| 650 |
_aHumorous story _vPicture book |
||
| 700 |
_aDavis, Jack E. _eIllustrator |
||
| 942 |
_2ddc _cBK _n0 |
||
| 999 |
_c9476 _d9476 |
||